DISASTER MANAGEMENT (Record no. 5684)

MARC details
000 -LEADER
fixed length control field 00325nam a22001457a 4500
005 - DATE AND TIME OF LATEST TRANSACTION
control field 20180315151959.0
008 - FIXED-LENGTH DATA ELEMENTS--GENERAL INFORMATION
fixed length control field 180315b xxu||||| |||| 00| 0 eng d
020 ## - INTERNATIONAL STANDARD BOOK NUMBER
ISBN 978-81-203-5220-9
041 ## - LANGUAGE CODE
Language code of text/sound track or separate title eng
082 ## - DEWEY DECIMAL CLASSIFICATION NUMBER
Classification number 658.477
100 ## - MAIN ENTRY--AUTHOR NAME
Personal name SULPHEY, M.M.
245 ## - TITLE STATEMENT
Title DISASTER MANAGEMENT
300 ## - PHYSICAL DESCRIPTION
Number of Pages 330p
942 ## - ADDED ENTRY ELEMENTS (KOHA)
Koha item type Books
Holdings
Lost status Damaged status Collection code Home library Current library Shelving location Date acquired Source of acquisition Cost, normal purchase price Full call number Accession Number Koha item type
    MANAGEMENT JRU Library JRU Library SHELF-50-F 15/03/2018 PURCHESS 395.00 658.477 22325 Books
    Reference JRU Library   SHELF-30-B 15/03/2018 PURCHESS 395.00 658.477 22326 Books
    MANAGEMENT JRU Library JRU Library SHELF-50-F 15/03/2018 PURCHESS 395.00 658.477 22327 Books
      JRU Library     15/03/2018 PURCHESS 395.00 658.477 22328 Books
      JRU Library JRU Library   15/03/2018 PURCHESS 395.00 658.477 22329 Books
    MANAGEMENT JRU Library JRU Library SHELF-50-F 06/10/2018 Purchase 395.00 658.477 22470 Books
    MANAGEMENT JRU Library JRU Library SHELF-50-F 06/10/2018 Purchase 395.00 658.477 22471 Books
      JRU Library   Shelf - 23- C 06/10/2018 Purchase 395.00 658.477 22472 Books
    MANAGEMENT JRU Library JRU Library SHELF-50-F 06/10/2018 Purchase 395.00 658.477 22473 Books
    MANAGEMENT JRU Library JRU Library SHELF-50-F 06/10/2018 Purchase 395.00 658.477 22474 Books